<?xml version="1.0" encoding="UTF-8"?>
<record
    xmlns:xsi="http://www.w3.org/2001/XMLSchema-instance"
    xsi:schemaLocation="http://www.loc.gov/MARC21/slim http://www.loc.gov/standards/marcxml/schema/MARC21slim.xsd"
    xmlns="http://www.loc.gov/MARC21/slim">

  <leader>01982nam a2200337 i 4500</leader>
  <controlfield tag="001">000044820</controlfield>
  <controlfield tag="003">DO-SdBNP</controlfield>
  <controlfield tag="005">20250624150534.0</controlfield>
  <controlfield tag="007">ta</controlfield>
  <controlfield tag="008">150113s2014    dr ac   r     001 0 spa d</controlfield>
  <datafield tag="020" ind1=" " ind2=" ">
    <subfield code="a">9789945081251</subfield>
  </datafield>
  <datafield tag="040" ind1=" " ind2=" ">
    <subfield code="a">DO-SdBNP</subfield>
    <subfield code="b">spa</subfield>
    <subfield code="c">BNPHU</subfield>
    <subfield code="e">rda</subfield>
  </datafield>
  <datafield tag="041" ind1=" " ind2=" ">
    <subfield code="a">spa</subfield>
  </datafield>
  <datafield tag="082" ind1=" " ind2="4">
    <subfield code="a">796.097293</subfield>
    <subfield code="b">M516d</subfield>
    <subfield code="2">22</subfield>
  </datafield>
  <datafield tag="100" ind1="1" ind2=" ">
    <subfield code="a">Mej&#xED;a A., Gonzalo,</subfield>
    <subfield code="d">1947-</subfield>
    <subfield code="9">72843</subfield>
    <subfield code="4">aut.</subfield>
    <subfield code="e">autor</subfield>
  </datafield>
  <datafield tag="245" ind1="1" ind2="3">
    <subfield code="a">El  deporte dominicano y su entorno /</subfield>
    <subfield code="c">Gonzalo Mej&#xED;a A.</subfield>
  </datafield>
  <datafield tag="264" ind1=" " ind2=" ">
    <subfield code="a">Santo Domingo :</subfield>
    <subfield code="b">Editora B&#xFA;ho,</subfield>
    <subfield code="c">2014.</subfield>
  </datafield>
  <datafield tag="300" ind1=" " ind2=" ">
    <subfield code="a">2 vol&#xFA;menes :</subfield>
    <subfield code="b">ilustraciones, fotos ;</subfield>
    <subfield code="c">28 cm.</subfield>
  </datafield>
  <datafield tag="336" ind1=" " ind2=" ">
    <subfield code="a">texto</subfield>
    <subfield code="b">txt</subfield>
    <subfield code="2">rdacontent </subfield>
  </datafield>
  <datafield tag="337" ind1=" " ind2=" ">
    <subfield code="a">sin mediaci&#xF3;n </subfield>
    <subfield code="b">n</subfield>
    <subfield code="2">rdamedia</subfield>
  </datafield>
  <datafield tag="338" ind1=" " ind2=" ">
    <subfield code="a">volumen  </subfield>
    <subfield code="b">nc</subfield>
    <subfield code="2">rdacarrier </subfield>
  </datafield>
  <datafield tag="500" ind1=" " ind2=" ">
    <subfield code="a">Incluye datos biogr&#xE1;ficos del autor en la solapa de la cubierta</subfield>
  </datafield>
  <datafield tag="500" ind1=" " ind2=" ">
    <subfield code="a">Incluye &#xED;ndice general y tem&#xE1;tico </subfield>
  </datafield>
  <datafield tag="504" ind1=" " ind2=" ">
    <subfield code="a">Bibliograf&#xED;a: v.1.  p.422-423 ;  v.2. p. 651</subfield>
  </datafield>
  <datafield tag="505" ind1=" " ind2=" ">
    <subfield code="g">v.1. </subfield>
    <subfield code="t">v.1. Hasta 1963</subfield>
    <subfield code="t">Dedicatoria -- </subfield>
    <subfield code="t">Agradecimientos --</subfield>
    <subfield code="t">Introducci&#xF3;n -- </subfield>
    <subfield code="t">Capitulo I. los albores --</subfield>
    <subfield code="t">Capitulo II - Ocupaci&#xF3;n militar de Estados Unidos de Am&#xE9;rica. 1916-1924 --</subfield>
    <subfield code="t">Capitulo III - Gobierno de Horacio V&#xE1;squez, 1924-1930 --</subfield>
    <subfield code="t">Capitulo IV . era de Trujillo, 1930-1961 --</subfield>
    <subfield code="t">Capitulo V. Fin de la Era de Trujillo y un ejercicio de democracia. 1962-1963 --</subfield>
    <subfield code="t">Anexos --</subfield>
    <subfield code="t">Ap&#xE9;ndice - Apodos, sobrenombres y seud&#xF3;nimos --</subfield>
    <subfield code="t">Bibliograf&#xED;a --</subfield>
    <subfield code="t">&#xCD;ndice tem&#xE1;tico.</subfield>
    <subfield code="g">v.2.</subfield>
    <subfield code="t">1964-1986</subfield>
  </datafield>
  <datafield tag="505" ind1=" " ind2=" ">
    <subfield code="g">v.2.</subfield>
    <subfield code="t">v.2. Dedicatoria --</subfield>
    <subfield code="t">Agradecimientos --</subfield>
    <subfield code="t">Presentaci&#xF3;n -- </subfield>
    <subfield code="t">&#xCD;ndice general y tem&#xE1;tico : &#xCD;ndice tem&#xE1;tico 1964 al 1966 ; &#xCD;ndice tem&#xE1;tico 1966 al 1978 ; &#xCD;ndice tem&#xE1;tico 1978 al 1986 --</subfield>
    <subfield code="t">Cap&#xED;tulo I - Triunvirato - Guerra de abril - Gobierno provisional -- </subfield>
    <subfield code="t">Cap&#xED;tulo II - Doce a&#xF1;os de Balaguer --</subfield>
    <subfield code="t">Cap&#xED;tulo III - los gobiernos del PRD --</subfield>
    <subfield code="t">Bibliograf&#xED;a. </subfield>
  </datafield>
  <datafield tag="590" ind1=" " ind2=" ">
    <subfield code="a">Inventariado, 2020/BT</subfield>
  </datafield>
  <datafield tag="650" ind1=" " ind2="4">
    <subfield code="a">Deporte</subfield>
    <subfield code="z">Rep&#xFA;blica Dominicana</subfield>
    <subfield code="x">Historia </subfield>
    <subfield code="y">Hasta,1963</subfield>
    <subfield code="9">78450</subfield>
  </datafield>
  <datafield tag="910" ind1=" " ind2=" ">
    <subfield code="a">Validado. Control de calidad MFF</subfield>
  </datafield>
  <datafield tag="942" ind1=" " ind2=" ">
    <subfield code="2">ddc</subfield>
    <subfield code="c">LBS1</subfield>
  </datafield>
  <datafield tag="952" ind1=" " ind2=" ">
    <subfield code="0">0</subfield>
    <subfield code="1">0</subfield>
    <subfield code="2">ddc</subfield>
    <subfield code="5">6</subfield>
    <subfield code="7">0</subfield>
    <subfield code="8">DS</subfield>
    <subfield code="a">BNPHU</subfield>
    <subfield code="b">BNPHU</subfield>
    <subfield code="c">HD</subfield>
    <subfield code="d">2015-01-13</subfield>
    <subfield code="l">0</subfield>
    <subfield code="o">BNPHU DS 796.097293 M516d 2014  </subfield>
    <subfield code="p">44820-30</subfield>
    <subfield code="r">2020-06-25</subfield>
    <subfield code="t">v.1, e.3</subfield>
    <subfield code="w">2020-06-25</subfield>
    <subfield code="y">LBS1</subfield>
  </datafield>
  <datafield tag="952" ind1=" " ind2=" ">
    <subfield code="0">0</subfield>
    <subfield code="1">0</subfield>
    <subfield code="2">ddc</subfield>
    <subfield code="5">6</subfield>
    <subfield code="7">0</subfield>
    <subfield code="8">DS</subfield>
    <subfield code="a">BNPHU</subfield>
    <subfield code="b">BNPHU</subfield>
    <subfield code="c">HD</subfield>
    <subfield code="d">2019-04-26</subfield>
    <subfield code="l">0</subfield>
    <subfield code="o">BNPHU DS 796.097293 M516d 2014</subfield>
    <subfield code="p">44820-40</subfield>
    <subfield code="r">2020-06-25</subfield>
    <subfield code="t">v.1, e.4</subfield>
    <subfield code="w">2020-06-25</subfield>
    <subfield code="y">LBS1</subfield>
  </datafield>
  <datafield tag="952" ind1=" " ind2=" ">
    <subfield code="0">0</subfield>
    <subfield code="1">0</subfield>
    <subfield code="2">ddc</subfield>
    <subfield code="5">6</subfield>
    <subfield code="7">0</subfield>
    <subfield code="8">DS</subfield>
    <subfield code="a">BNPHU</subfield>
    <subfield code="b">BNPHU</subfield>
    <subfield code="c">HD</subfield>
    <subfield code="d">2019-04-26</subfield>
    <subfield code="l">0</subfield>
    <subfield code="o">BNPHU DS 796.097293 M516d 2014  </subfield>
    <subfield code="p">44820-50</subfield>
    <subfield code="r">2020-06-25</subfield>
    <subfield code="t">v.1, e.5</subfield>
    <subfield code="w">2020-06-25</subfield>
    <subfield code="y">LBS1</subfield>
  </datafield>
  <datafield tag="952" ind1=" " ind2=" ">
    <subfield code="0">0</subfield>
    <subfield code="1">0</subfield>
    <subfield code="2">ddc</subfield>
    <subfield code="5">1</subfield>
    <subfield code="7">0</subfield>
    <subfield code="8">PD</subfield>
    <subfield code="a">BNPHU</subfield>
    <subfield code="b">BNPHU</subfield>
    <subfield code="c">HD</subfield>
    <subfield code="d">2015-01-13</subfield>
    <subfield code="l">0</subfield>
    <subfield code="o">BNPHU PD 796.097293 M516d 2014 </subfield>
    <subfield code="p">44820-10</subfield>
    <subfield code="r">2020-06-25</subfield>
    <subfield code="t">v.1</subfield>
    <subfield code="w">2020-06-25</subfield>
    <subfield code="y">LBS1</subfield>
  </datafield>
  <datafield tag="952" ind1=" " ind2=" ">
    <subfield code="0">0</subfield>
    <subfield code="1">0</subfield>
    <subfield code="2">ddc</subfield>
    <subfield code="5">1</subfield>
    <subfield code="7">0</subfield>
    <subfield code="8">PD</subfield>
    <subfield code="a">BNPHU</subfield>
    <subfield code="b">BNPHU</subfield>
    <subfield code="c">HD</subfield>
    <subfield code="d">2015-01-13</subfield>
    <subfield code="l">0</subfield>
    <subfield code="o">BNPHU PD 796.097293 M516d 2014  </subfield>
    <subfield code="p">44820-20</subfield>
    <subfield code="r">2020-06-25</subfield>
    <subfield code="t">v.1, e.2</subfield>
    <subfield code="w">2020-06-25</subfield>
    <subfield code="y">LBS1</subfield>
  </datafield>
  <datafield tag="952" ind1=" " ind2=" ">
    <subfield code="0">0</subfield>
    <subfield code="1">0</subfield>
    <subfield code="2">ddc</subfield>
    <subfield code="5">1</subfield>
    <subfield code="7">0</subfield>
    <subfield code="8">PD</subfield>
    <subfield code="a">BNPHU</subfield>
    <subfield code="b">BNPHU</subfield>
    <subfield code="c">HD</subfield>
    <subfield code="d">2021-04-22</subfield>
    <subfield code="l">0</subfield>
    <subfield code="o">BNPHU PD 796.097293 M516d 2020 </subfield>
    <subfield code="p">2021-1572</subfield>
    <subfield code="r">2021-04-22</subfield>
    <subfield code="t">v.2</subfield>
    <subfield code="w">2021-04-22</subfield>
    <subfield code="y">LBS1</subfield>
  </datafield>
  <datafield tag="952" ind1=" " ind2=" ">
    <subfield code="0">0</subfield>
    <subfield code="1">0</subfield>
    <subfield code="2">ddc</subfield>
    <subfield code="5">1</subfield>
    <subfield code="7">0</subfield>
    <subfield code="8">PD</subfield>
    <subfield code="a">BNPHU</subfield>
    <subfield code="b">BNPHU</subfield>
    <subfield code="c">HD</subfield>
    <subfield code="d">2021-04-22</subfield>
    <subfield code="l">0</subfield>
    <subfield code="o">BNPHU PD 796.097293 M516d 2020 </subfield>
    <subfield code="p">2021-1575</subfield>
    <subfield code="r">2021-04-22</subfield>
    <subfield code="t">v.2, e.2</subfield>
    <subfield code="w">2021-04-22</subfield>
    <subfield code="y">LBS1</subfield>
  </datafield>
  <datafield tag="952" ind1=" " ind2=" ">
    <subfield code="0">0</subfield>
    <subfield code="1">0</subfield>
    <subfield code="2">ddc</subfield>
    <subfield code="5">6</subfield>
    <subfield code="7">0</subfield>
    <subfield code="8">DS</subfield>
    <subfield code="a">BNPHU</subfield>
    <subfield code="b">BNPHU</subfield>
    <subfield code="c">HD</subfield>
    <subfield code="d">2021-04-22</subfield>
    <subfield code="l">0</subfield>
    <subfield code="o">BNPHU DS 796.097293 M516d 2020 </subfield>
    <subfield code="p">2021-1576</subfield>
    <subfield code="r">2021-04-22</subfield>
    <subfield code="t">v.2, e.3</subfield>
    <subfield code="w">2021-04-22</subfield>
    <subfield code="y">LBS1</subfield>
  </datafield>
  <datafield tag="999" ind1=" " ind2=" ">
    <subfield code="c">44309</subfield>
    <subfield code="d">44309</subfield>
  </datafield>
</record>
